000 00591nam a2200193Ia 4500
008 191130s2008##################000#0#eng##
020 _a9789041126610
040 _aACL
_cACL
082 _a368.0068 ROB
100 _aRobbé, Jan Job de Vries
245 _aExpansion and diversification in securitization yearbook 2007
_cJan Job de Vries Robbe and Paul Ali
260 _aDeventer, The Netherlands ; Boston, MA
_bKluwer
_c2008
300 _a426p
650 _aFinancial law
700 _aAli, Paul
990 _a34898c53ac10000c53bc22362c2e43e5
991 _a439008
999 _c179693
_d179693